| 000 | 00366nam a2200157Ia 4500 | ||
|---|---|---|---|
| 100 | _aStrazer Wolfgang/ WahI/F.M. | ||
| 650 | _aElectrical Engineering | ||
| 942 | _cBK | ||
| 654 | _agraphics | ||
| 245 | _aGraphics and Robotics | ||
| 260 |
_bSpringer Verlag _aNew Delhi _c1995 |
||
| 082 |
_a629.89266 _bSTR |
||
| 300 | _a247 | ||
| 546 | _aENGLISH | ||
| 999 |
_c35334 _d35334 |
||